000 00512nam a2200181Ia 4500
005 20250326123739.0
008 250326s9999 xx 000 0 und d
037 _aTextbook
040 _aFMSL
_beng
_cFMSL
041 _aeng
_2eng
084 _aLp56N77 L8
_qFMSL
100 _aBlack S D
_9735984
245 0 _aProviding for the health services
_cBlack S D; Thomas G P
260 _aLondon
_bLondon, Croom Helm
_c1978
300 _a166p
942 _cTB
_hLp56N77 L8
999 _c1270787
_d1270787